Animals Beginning with 'I / J / K' - Pictures - Statistics

General Stats
  • This quiz has been taken 126 times
  • The average score is 12 of 20
Answer Stats
Picture Answer % Correct
Koala
91%
Jelly Fish
89%
Iguana
88%
Jaguar
87%
Killer Whale
86%
Kangaroo
85%
Komodo Dragon
80%
Jackal
78%
Kiwi
74%
Impala
73%
Ibis
67%
Indian Elephant
63%
Kingfisher
61%
Kookaburra
48%
Kodiak Bear
34%
Kite
30%
Irish Setter
28%
Kudu
26%
Irish Wolfhound
23%
Katydid
20%
No matching quizzes found
Score Distribution
Percent of People with Each Score
Percentile by Number Answered
Your Score History
You have not taken this quiz